Faculty of Law Library — Cairo University

Official Online Catalog

Le principe de neutralité dans la fonction publique / (Record no. 76408)

MARC details
000 -LEADER
fixed length control field 01027nam a2200313 4500
003 - CONTROL NUMBER IDENTIFIER
control field EG-GICUC
005 - DATE AND TIME OF LATEST TRANSACTION
control field 20260509163332.0
008 - FIXED-LENGTH DATA ELEMENTS--GENERAL INFORMATION
fixed length control field 110407s1994 fr ka fr 000.0 fre c
020 ## - INTERNATIONAL STANDARD BOOK NUMBER
International Standard Book Number 2-275-00550-1
040 ## - CATALOGING SOURCE
Original cataloging agency EG-GiCUC
Language of cataloging fre
Transcribing agency EG-GiCUC
Modifying agency EG-GiCUC
Description conventions Rda
041 0# - LANGUAGE CODE
Language code of text/sound track or separate title fre
082 04 - DEWEY DECIMAL CLASSIFICATION NUMBER
Edition number 21
Classification number 345.3
Item number KO . P
092 04 - LOCALLY ASSIGNED DEWEY CALL NUMBER (OCLC)
Edition number 21
099 ## - LOCAL FREE-TEXT CALL NUMBER (OCLC)
Classification number Law1 345.3 KO . P 1994
100 1# - MAIN ENTRY--PERSONAL NAME
Personal name Kondylis, Vassilios
Relator term Auteur
245 ## - TITLE STATEMENT
Title Le principe de neutralité dans la fonction publique /
Statement of responsibility, etc. Vassilios Kondylis ; préf. de Georges Dupuis.
264 #1 - PRODUCTION, PUBLICATION, DISTRIBUTION, MANUFACTURE, AND COPYRIGHT NOTICE
Place of production, publication, distribution, manufacture Paris :
Name of producer, publisher, distributor, manufacturer L.G.D.J.,
Date of production, publication, distribution, manufacture, or copyright notice 1994.
300 ## - PHYSICAL DESCRIPTION
Extent 560 page ;
Dimensions 24 cm.
336 ## - CONTENT TYPE
Source rda contenu
Content type term texte
337 ## - MEDIA TYPE
Source rda medias
Media type term Ordinateur
338 ## - CARRIER TYPE
Source transporteur rda
Carrier type term Ressource en ligne
504 ## - BIBLIOGRAPHY, ETC. NOTE
Bibliography, etc. note Include bibliographical references and an index.
546 ## - LANGUAGE NOTE
Language note Texte en français
650 13 - SUBJECT ADDED ENTRY--TOPICAL TERM
Topical term or geographic name entry element Droit administratif
700 1# - ADDED ENTRY--PERSONAL NAME
Personal name Dupuis, Georges
Relator term Préfacier
856 40 - ELECTRONIC LOCATION AND ACCESS
Uniform Resource Identifier <a href="https://fll.law.cu.edu.eg/fulltext/bks/B07-05105.pdf">https://fll.law.cu.edu.eg/fulltext/bks/B07-05105.pdf</a>
905 ## - Cataloger and Reviser Names
Cataloger Name: Abdulrhman Sobhy
942 ## - ADDED ENTRY ELEMENTS (KOHA)
Source of classification or shelving scheme Dewey Decimal Classification
Koha item type Books
Edition 21
Suppress in OPAC No
Holdings
Withdrawn status Lost status Source of classification or shelving scheme Damaged status Not for loan Collection Home library Current library Date acquired Total checkouts Full call number Barcode Date last seen Copy number Price effective from Koha item type
    Dewey Decimal Classification   Not for loan القانون الإداري جــــامعة القــاهرة مكتبة كلية الحقوق - المبنى الرئيسي 09.05.2026   Law1 345.3 KO . P 1994 0705105 C1 B07-05105 09.05.2026 1 09.05.2026 Books

© All rights reserved — Faculty of Law, Cairo University